| 000 | 00890nam a22002777a 4500 | ||
|---|---|---|---|
| 003 | DO-SdBPM | ||
| 005 | 20250904120355.0 | ||
| 007 | ta | ||
| 008 | 171109b1997 sp |||| 00| 0 spa d | ||
| 020 | _a847672781X | ||
| 040 |
_aDO-SdBPM _bspa _cBPMSU _erda |
||
| 082 | 4 |
_a293 _bN666m 1997 _222 |
|
| 100 | 1 |
_aNiedner, Heinrich _d1875-1932. _eautor |
|
| 245 | 1 | 0 |
_aMitología nórdica / _cHeinrich Niedner ; traducción Gloria Peradejordi. |
| 264 |
_aBarcelona : _bEdicomunicación, _c1997. |
||
| 300 |
_a267 páginas ; _c20 cm. |
||
| 336 |
_atexto _btxt _2rdacontent |
||
| 337 |
_asin mediación _bn _2rdamedia |
||
| 338 |
_avolumen _bnc _2rdacarrier |
||
| 490 | 0 |
_aOlimpo ; _aMitología e historia. |
|
| 590 | _aInventariado, 2025/VM | ||
| 650 | 7 | _aMitología nórdica. | |
| 700 | 1 |
_aPeradejordi, Gloria, _etraductor |
|
| 910 | _aVMateo V. Control de calidad. BPMSU | ||
| 942 |
_2ddc _cBK |
||
| 999 |
_c12832 _d12832 |
||